| 000 | 00383nam a22001577a 4500 | ||
|---|---|---|---|
| 999 |
_c257440 _d257439 |
||
| 003 | OSt | ||
| 005 | 20190117124240.0 | ||
| 008 | 190117b xxu||||| |||| 00| 0 eng d | ||
| 020 | _a978-0-393-92890-7 | ||
| 040 | _cn/a | ||
| 100 | _aKristine Forney | ||
| 245 | _aThe Norton Scores | ||
| 250 | _a10th edition | ||
| 260 |
_aNew York _bW.W.Norton&Company Ltd _c2007 |
||
| 942 |
_2lcc _cBK |
||